Gateway : B2+

Hlavní autor: Spencer, David
Další autoři: Edwards, Lynda, Sayer, Mike, Mansfield, Katie
Jazyk: Angličtina
Vydáno: Oxford : Macmillan, 2012
Vydání: First published
Témata:
Fyzický popis: 4 svazky : ilustrace (převážně barevné) ; 12-30 cm
Knihy
Uloženo v:
LEADER 02833nam a2200613 ia4500
001 001489694
003 CZ BrMZK
005 20151029063049.0
007 ta
008 150924s2012 xxka g p 000 0 eng
020 |a 978-0-230-41762-5  |q (student's book :  |q brožováno) 
020 |a 978-0-230-72363-4  |q (workbook :  |q brožováno) 
020 |a 978-0-230-41765-6  |q (teacher's book :  |q brožováno) 
020 |a 978-0-230-72367-2  |q (teacher's book :  |q CD) 
020 |a 978-0-230-72365-8  |q (audio CDs) 
040 |a BOA001  |b cze  |e rda 
072 7 |a 811.111  |x Angličtina  |2 Konspekt  |9 11 
072 7 |a 37.016  |x Učební osnovy. Vyučovací předměty. Učebnice  |2 Konspekt  |9 22 
080 |a 811.111  |2 MRF 
080 |a (07.063)81  |2 MRF 
080 |a (076.1)  |2 MRF 
080 |a (072)  |2 MRF 
080 |a (086.76)  |2 MRF 
100 1 |a Spencer, David  |7 pna2011654843  |4 aut 
245 1 0 |a Gateway :  |b B2+ 
250 |a First published 
264 1 |a Oxford :  |b Macmillan,  |c 2012 
300 |a 4 svazky :  |b ilustrace (převážně barevné) ;  |c 12-30 cm 
336 |a text  |b txt  |2 rdacontent 
336 |a mluvené slovo  |b spw  |2 rdacontent 
337 |a bez média  |b n  |2 rdamedia 
337 |a audio  |b s  |2 rdamedia 
337 |a počítač  |b c  |2 rdamedia 
338 |a svazek  |b nc  |2 rdacarrier 
338 |a audiodisk  |b sd  |2 rdacarrier 
500 |a Terminologický slovník 
505 0 |a student's book. 167 stran -- workbook / Lynda Edwards. 127 stran -- teacher's book / Mike Sayer. 191 stran + test CD / Katie Mansfield -- class audio CDs. 2 CD 
650 0 7 |a angličtina  |7 ph114056  |2 czenas 
653 0 |a jazyková úroveň B2 
655 7 |a jazykové učebnice, texty, příručky (B)  |7 fd600891  |2 czenas 
655 7 |a pracovní sešity  |7 fd133116  |2 czenas 
655 7 |a metodické příručky  |7 fd132826  |2 czenas 
655 7 |a kompaktní desky  |7 fd201991  |2 czenas 
700 1 |a Edwards, Lynda  |7 pna2006362686  |4 aut 
700 1 |a Sayer, Mike  |7 xx0061642  |4 aut 
700 1 |a Mansfield, Katie  |4 aut 
910 |a BOA001  |b 4-1354.268  |b CDR-1354.268  |b CDR2-1354.268 
990 |a BK 
991 |b 201510  |c NOV  |x 99  |e n 
996 7 |b 2610644993  |c 4-1354.268  |d 1,student's book  |v 1  |l Anglická knihovna/2.patro  |r ZHR  |n 20  |p dar  |h CY 30  |w 001525154  |u 000010  |a 0  |e BOA001  |j MZK50  |s A 
996 7 |b 2610644994  |c 4-1354.268  |d 2,workbook  |v 2  |l Anglická knihovna/2.patro  |r ZHR  |n 15  |p dar  |h CY 30  |w 001525154  |u 000020  |a 0  |e BOA001  |j MZK50  |s A 
996 7 |b 2610644995  |c 4-1354.268  |d 3,teacher's book  |v 3  |l Anglická knihovna/2.patro  |r ZHR  |n 5  |p dar  |h CY 30  |w 001525154  |u 000030  |a 0  |e BOA001  |j MZK50  |s A 
996 7 |b 2610644997  |c CDR2-1354.268  |d 4, CD 1-2  |v 4  |l Anglická knihovna/2.patro  |r ZHR  |n 17  |p dar  |h CD-A 959  |w 001525154  |u 000050  |a 0  |e BOA001  |j MZK50  |s A 
996 7 |b DKAA000245  |c CDR-1354.268  |d 3,teacher's book CD  |v 3  |l Anglická knihovna/2.patro  |r ZHR  |n 1  |p dar  |h CD-A 960  |w 001525154  |u 000040  |a 0  |e BOA001  |j MZK50  |s A